Ciudades capitales más pobladas de Europa - Estadísticas

Estadísticas generales
  • Esta prueba ha sido intentada 134 veces
    113 desde el último reinicio
  • La puntuación promedio es 9 de 10
Estadísticas de respuestas
Population City % Correcto
6,497,124 Madrid
100%
9,046,485 Londres
99%
10,900,952 París
99%
12,409,738 Moscú
98%
3,552,123 Berlín
97%
4,209,710 Roma
97%
2,956,706 Kiev
87%
2,927,316 Lisboa
87%
3,155,600 Atenas
82%
2,049,510 Bruselas
82%
No se encontraron pruebas coincidentes
Distribución de puntuación
Porcentaje de gente con cada puntuación
Porcentaje por número respondido
Historial de tus puntuaciones
No has intentado esta prueba desde el último reinicio